|
|
|
|
| LEADER |
03961nam a22004093i 4500 |
| 001 |
EBC6838776 |
| 003 |
MiAaPQ |
| 005 |
20231204023220.0 |
| 006 |
m o d | |
| 007 |
cr cnu|||||||| |
| 008 |
231204s2021 xx o ||||0 eng d |
| 020 |
|
|
|a 9783030837808
|q (electronic bk.)
|
| 020 |
|
|
|z 9783030837792
|
| 035 |
|
|
|a (MiAaPQ)EBC6838776
|
| 035 |
|
|
|a (Au-PeEL)EBL6838776
|
| 035 |
|
|
|a (OCoLC)1291318637
|
| 040 |
|
|
|a MiAaPQ
|b eng
|e rda
|e pn
|c MiAaPQ
|d MiAaPQ
|
| 050 |
|
4 |
|a HD30.28
|
| 082 |
0 |
|
|a 658.4012
|
| 100 |
1 |
|
|a Cardona, Pablo.
|
| 245 |
1 |
0 |
|a Management by Missions :
|b Connecting People to Strategy Through Purpose.
|
| 250 |
|
|
|a 2nd ed.
|
| 264 |
|
1 |
|a Cham :
|b Springer International Publishing AG,
|c 2021.
|
| 264 |
|
4 |
|c ©2022.
|
| 300 |
|
|
|a 1 online resource (173 pages)
|
| 336 |
|
|
|a text
|b txt
|2 rdacontent
|
| 337 |
|
|
|a computer
|b c
|2 rdamedia
|
| 338 |
|
|
|a online resource
|b cr
|2 rdacarrier
|
| 505 |
0 |
|
|a Intro -- Preface -- Acknowledgments -- Note on the Updated and Expanded Edition -- Terminology Review -- Contents -- List of Figures -- List of Tables -- Part I: Myths and Realities of Business Administration -- 1: Is There a Link Between Corporate Purpose and Performance? -- Unity: The Bottom Line of Corporate Culture -- Unity and Survival -- Unity and Profit -- Verification of the Model -- Corporate Culture -- Dynamics of Cultural Development -- Shared Priorities -- 2: Different Ways of Viewing an Organization -- Mechanical Perspective -- Organic Perspective -- Cultural Perspective -- The Integrated Organizational Model -- 3: The Limits of Management by Objectives -- The Problems with Management by Objectives -- Low-Octane Cultures -- Beyond Management by Objectives -- Part II: In Search of Corporate Culture -- 4: What Are Companies For? -- Profit: Means or End? -- The Danger of Simplification -- Balance and Complementarity -- Organizational Purpose -- Purpose and Sense of Purpose -- Coherence -- Authenticity -- Integrity -- Personal Purpose -- 5: Missions: For Whom Does the Company Exist? -- Purpose and Missions -- Characteristics of Missions: Content, Credibility and Urgency -- Content -- Credibility -- Urgency -- The Stakeholder Model -- Customers -- Shareholders -- Employees -- 6: The Values of a Balanced Culture -- The Origin of Values -- Corporate Values and Real Values of an Organization -- Characteristics of Corporate Values -- Values and Motivation -- Balanced Values -- Evolution and Change in Values -- Part III: Toward a New Management Method -- 7: Deploying Purpose -- Shared Missions -- Criteria for Defining Shared Missions -- Shared Missions in the Organization -- Shared Missions in a Corporate Group -- The Interdependency Matrix -- 8: Tools for Managing Purpose -- New Management Practices?.
|
| 505 |
8 |
|
|a Strategic Planning: A Question of Congruence -- Deployment of Objectives -- Missions Scorecard -- Competency Development -- Performance Appraisal -- Management Systems and Leadership -- 9: Missions-Driven Leadership -- Types of Leadership -- Transactional Leadership -- Transformative Leadership -- Transcendental Leadership -- Purpose and Leadership -- Dimensions of Missions-Driven Leadership -- Commitment -- Cooperation -- Change -- Battling the Ego -- Correction to: The Values of a Balanced Culture -- Afterword -- Index.
|
| 588 |
|
|
|a Description based on publisher supplied metadata and other sources.
|
| 590 |
|
|
|a Electronic reproduction. Ann Arbor, Michigan : ProQuest Ebook Central, 2023. Available via World Wide Web. Access may be limited to ProQuest Ebook Central affiliated libraries.
|
| 655 |
|
4 |
|a Electronic books.
|
| 700 |
1 |
|
|a Rey, Carlos.
|
| 776 |
0 |
8 |
|i Print version:
|a Cardona, Pablo
|t Management by Missions
|d Cham : Springer International Publishing AG,c2021
|z 9783030837792
|
| 797 |
2 |
|
|a ProQuest (Firm)
|
| 856 |
4 |
0 |
|u https://ebookcentral.proquest.com/lib/matrademy/detail.action?docID=6838776
|z Click to View
|